00390nam a2200145Ia 4500003000400000008004100004020002600045040000800071100001400079245005500093260003600148300001300184365001100197440003600208LDD181029s9999 xx 000 0 und d a9788123913636c235.00 cLDD aGopal, R. 0aProblems and solutions in analog systemscR. Gopal aNew DelhibCBS Publishersc2006 av, 414p. b235.00 aCBS problem and solution series